Every Premier League Goalscorer for Cardiff City - Statistics

General Stats
  • This quiz has been taken 57 times
  • The average score is 10 of 23
Answer Stats
Player % Correct
Bobby Decordova-Reid
58%
Sol Bamba
58%
Junior Hoilett
55%
Peter Whittingham
55%
Sean Morrison
55%
Josh Murphy
53%
Kenwyne Jones
53%
Victor Camarasa
50%
Aron Gunnarsson
48%
Nathaniel Mendez-Laing
48%
Callum Paterson
45%
Craig Bellamy
45%
Fraizer Campbell
43%
Jordon Mutch
40%
Kadeem Harris
38%
Kenneth Zohore
38%
Steven Caulker
38%
Danny Ward
35%
Craig Noone
33%
Bo-kyung Kim
28%
Mats Møller Dæhli
20%
Peter Odemwingie
20%
Cala
18%
No matching quizzes found
Score Distribution
Percent of People with Each Score
Percentile by Number Answered
Your Score History
You have not taken this quiz